NBA Top 100 All-Time: Steals - Statistics

General Stats
  • This quiz has been taken 1,858 times
    55 since last reset
  • The average score is 49 of 100
Answer Stats
# Player Steals % Correct
1 John Stockton 3,265
100%
6 LeBron James 2,417
98%
2 Chris Paul 2,728
96%
41 Stephen Curry 1,602
94%
22 James Harden 1,794
91%
15 Russell Westbrook 2,038
91%
18 Kobe Bryant 1,944
89%
3 Jason Kidd 2,697
85%
94 Kevin Durant 1,236
85%
58 Dennis Johnson 1,477
83%
26 Magic Johnson 1,724
83%
72 Kawhi Leonard 1,377
81%
4 Michael Jordan 2,514
81%
T35 Dwayne Wade 1,620
79%
45 Larry Bird 1,556
79%
61 Ray Allen 1,451
79%
8 Scottie Pippen 2,307
79%
13 Karl Malone 2,085
77%
16 Allen Iverson 1,983
74%
93 Draymond Green 1,244
74%
5 Gary Payton 2,445
74%
25 Paul Pierce 1,752
74%
78 Rickey Green 1,348
74%
11 Hakeem Olajuwon 2,162
72%
19 Isiah Thomas 1,861
72%
20 Kevin Garnett 1,859
72%
47 Andre Miller 1,546
70%
T31 Gus Williams 1,638
70%
56 Reggie Miller 1,505
70%
42 Paul George 1,601
68%
67 Clifford Robinson 1,402
64%
69 David Robinson 1,388
64%
55 Rajon Rondo 1,518
64%
T50 Baron Davis 1,530
62%
10 Clyde Drexler 2,207
62%
T50 Vince Carter 1,530
62%
T86 Walter Davis 1,280
62%
12 Alvin Robertson 2,112
60%
100 Carmelo Anthony 1,223
57%
39 Mark Jackson 1,608
57%
91 DeMar DeRozan 1,250
55%
71 Dominique Wilkins 1,378
55%
60 Jimmy Butler 1,455
55%
66 Randy Smith 1,403
55%
T73 Ben Wallace 1,369
53%
92 Grant Hill 1,248
53%
57 Kyle Lowry 1,501
53%
68 Manu Ginobili 1,392
53%
T31 Mike Conley 1,638
51%
64 Tim Hardaway 1,428
51%
70 Bobby Jones 1,387
49%
30 Charles Barkley 1,648
49%
T35 Eddie Jones 1,620
49%
53 Jrue Holiday 1,527
49%
75 Derek Fisher 1,352
47%
17 Derek Harper 1,957
47%
85 George Gervin 1,283
47%
9 Julius Erving 2,272
47%
28 Ron Harper 1,716
47%
24 Shawn Marion 1,759
45%
40 Jason Terry 1,603
40%
43 Terry Porter 1,583
38%
38 Thaddeus Young 1,612
38%
89 Kenny Anderson 1,258
36%
7 Maurice Cheeks 2,310
36%
27 Metta World Peace 1,721
36%
65 Monta Ellis 1,409
36%
14 Mookie Blaylock 2,075
36%
T73 Muggsy Bogues 1,369
36%
T50 Chris Mullin 1,530
32%
23 Andre Iguodala 1,765
30%
29 Fat Lever 1,666
30%
95 Rudy Gay 1,231
30%
99 Byron Scott 1,224
28%
59 Michael Ray Richardson 1,463
28%
37 Rod Strickland 1,616
28%
49 Jeff Hornacek 1,536
26%
98 Ricky Rubio 1,226
26%
83 Alvan Adams 1,289
23%
76 Charles Oakley 1,351
21%
44 Doc Rivers 1,563
21%
46 Doug Christie 1,555
19%
82 Latrell Sprewell 1,294
17%
48 Nate McMillan 1,544
17%
80 Paul Millsap 1,327
17%
96 Brevin Knight 1,229
13%
T86 David Wesley 1,280
13%
34 Hersey Hawkins 1,622
13%
88 John Lucas 1,273
13%
33 Trevor Ariza 1,628
13%
84 Vlade Divac 1,288
13%
63 Jerome Kersey 1,439
11%
54 Kendall Gill 1,519
11%
90 Terry Cummings 1,255
11%
62 George McGinnis 1,448
6%
81 T.R. Dunn 1,316
6%
21 Don Buse 1,818
4%
79 Quinn Buckner 1,337
4%
77 Mike Gale 1,349
2%
97 Tyrone Corbin 1,228
2%
No matching quizzes found
Score Distribution
Percent of People with Each Score
Percentile by Number Answered
Your Score History
You have not taken this quiz since the last reset